000 00411nam a2200181Ia 4500
001 10003
005 20260306161759.0
008 260306t2015||||xx |||||||||||||| ||spa||
041 _aESP
082 _aPE 869.56
_bR52 T. 1
100 _aRamón Ribeyro, Julio
_eAUT
245 0 _aLa palabra del mudo (I)
260 _c2015
300 _a
_c
650 _aGEN
654 _aCHU
942 _cLIB
_dJUS
_fJUS
_2ddc
_n
999 _c10003
_d10003